|
|
|
|
| LEADER |
00000nam0a2200000 4500 |
| 001 |
70110 |
| 005 |
20231031081032.0 |
| 035 |
|
|
|a (RuTPU)RU\TPU\book\74651
|
| 090 |
|
|
|a 70110
|
| 100 |
|
|
|a 20041112d1960 k y0rusy50 ca
|
| 101 |
0 |
|
|a rus
|
| 102 |
|
|
|a RU
|
| 105 |
|
|
|a a z 001zy
|
| 200 |
1 |
|
|a Краткий очерк геологического строения Крымского полуострова
|f М. В. Муратов
|g Под ред. Д. С. Соколова
|
| 210 |
|
|
|a Москва
|c Госгеолтехиздат
|d 1960
|
| 215 |
|
|
|a 207 с.
|c ил.
|
| 320 |
|
|
|a Библиогр.: с. 200-205
|
| 516 |
1 |
|
|a Геология Крыма
|
| 610 |
1 |
|
|a геология
|
| 610 |
1 |
|
|a геологическое строение
|
| 610 |
1 |
|
|a Крым
|
| 610 |
1 |
|
|a Крымский полуостров
|
| 610 |
1 |
|
|a рельеф
|
| 610 |
1 |
|
|a геологическое изучение
|
| 610 |
1 |
|
|a стратиграфия
|
| 610 |
1 |
|
|a тектоника
|
| 610 |
1 |
|
|a геологическая история
|
| 610 |
1 |
|
|a полезные ископаемые
|
| 610 |
1 |
|
|a геологические путеводители
|
| 675 |
|
|
|a 55
|v 3
|
| 700 |
|
1 |
|a Муратов
|b М. В.
|g Михаил Владимирович
|
| 702 |
|
1 |
|a Соколов
|b Д. С.
|4 340
|
| 801 |
|
1 |
|a RU
|b 63413507
|c 20041112
|g PSBO
|
| 801 |
|
2 |
|a RU
|b 63413507
|c 20220615
|g PSBO
|
| 942 |
|
|
|c BK
|